Khởi nghiệp 4.0 Kinh doanh thông minh trong cách mạng công nghiệp 4.0

Giới thiệu các cách thức để kinh doanh một cách thông minh trong thời đại cách mạng công nghệ 4.0 thông qua các bước: Xây dựng thương hiệu cá nhân; kinh doanh sinh lời bằng chuyên môn của bạn; mở rộng phạm vi và tầm ảnh hưởng trên mạng...

全面介紹

Đã lưu trong:
書目詳細資料
主要作者: Clark, Dorie
格式: 圖書
語言:Undetermined
出版: Hoboken, New Jersey Wiley 2017
主題:
標簽: 添加標簽
沒有標簽, 成為第一個標記此記錄!
Thư viện lưu trữ: Trung tâm Học liệu Trường Đại học Cần Thơ
LEADER 01016nam a2200229Ia 4500
001 CTU_230500
008 210402s9999 xx 000 0 und d
020 |c 139000 
082 |a 650.1 
082 |b C592 
100 |a Clark, Dorie 
245 0 |a Khởi nghiệp 4.0 
245 0 |b Kinh doanh thông minh trong cách mạng công nghiệp 4.0 
245 0 |c Dorie Clark ; Kim Chi dịch 
260 |a Hoboken, New Jersey 
260 |b Wiley 
260 |c 2017 
520 |a Giới thiệu các cách thức để kinh doanh một cách thông minh trong thời đại cách mạng công nghệ 4.0 thông qua các bước: Xây dựng thương hiệu cá nhân; kinh doanh sinh lời bằng chuyên môn của bạn; mở rộng phạm vi và tầm ảnh hưởng trên mạng 
650 |a Cách mạng công nghiệp,Industrial Revolution 
910 |a Tuyến 
910 |b tttuyen 
980 |a Trung tâm Học liệu Trường Đại học Cần Thơ